000
003150000a22001450004500
003
MACL
040
_a
MACL
090
_c
3014
_d
3014
100
_a
Bilgrami, K. S.
245
_a
The Living
_b
Ganga
260
_b
Narendra Publishing House
_c
1991
650
_a
Economics
942
_c
BOOK
_k
333.73
951
_o
333.73 BOOK
999
_c
2992
_d
2992